Malayalam desavum swathwavum / | മലയാളം ദേശവും സ്വത്വവും / (Record no. 19495)
[ view plain ]
| 000 -LEADER | |
|---|---|
| fixed length control field | 00420nam a22001457a 4500 |
| 003 - CONTROL NUMBER IDENTIFIER | |
| control field | OSt |
| 008 - FIXED-LENGTH DATA ELEMENTS--GENERAL INFORMATION | |
| fixed length control field | 250902b |||||||| |||| 00| 0 eng d |
| 041 ## - LANGUAGE CODE | |
| Language code of text/sound track or separate title | eng |
| 082 ## - DEWEY DECIMAL CLASSIFICATION NUMBER | |
| Classification number | 894.812 |
| Item number | SUR/MA |
| 245 ## - TITLE STATEMENT | |
| Title | Malayalam desavum swathwavum / |
| Remainder of title | മലയാളം ദേശവും സ്വത്വവും / |
| 260 ## - PUBLICATION, DISTRIBUTION, ETC. (IMPRINT) | |
| Place of publication | Kozhikode : |
| Name of publisher | Progress Books, |
| Year of publication | 2017. |
| 300 ## - PHYSICAL DESCRIPTION | |
| Number of Pages | 129 p. |
| 700 ## - ADDED ENTRY--PERSONAL NAME | |
| Personal name | Suresh, P. |
| 942 ## - ADDED ENTRY ELEMENTS (KOHA) | |
| Koha item type | Books |
| Withdrawn status | Lost status | Damaged status | Home library | Current library | Date acquired | Source of acquisition | Cost, normal purchase price | Full call number | Accession Number | Koha item type |
|---|---|---|---|---|---|---|---|---|---|---|
| KAUAET | KAUAET | 02/09/2025 | Donated by KT Jaleel MLA | 120.00 | 894.812 SUR/MA | 26331 | Books |
